Score 0/25 Timer 06:00
2 Plays Today
% Correct
Light bulb
98.6%
Train
93.6%
Playing cards
92.4%
Baseball bat
87.5%
Wheel
86.9%
Crayon
86.2%
Rug
86.1%
Shoe
84.5%
Key
84.4%
Potato chip (crisp)
82.5%
Candy cane
82.1%
Guitar
81.4%
Pillow
81.1%
% Correct
Toilet
81%
Wallet
74.7%
iPhone
74.2%
Pencil
73.6%
T-shirt
64%
Bowling ball
62.1%
Candle
54.2%
Cigarette
51.8%
Solar panel
45.9%
Cardboard
42.5%
Credit card
42.1%
Knife
40.7%
Remove Ads.
Support Sporcle.
Get the best of Sporcle when you Go Orange. This ad-free experience offers more features, more stats, and more fun while also helping to support Sporcle. Thank you for becoming a member.

You're not logged in!

Compare scores with friends on all Sporcle quizzes.
OR
Log In

Show Comments

Extras

Top Quizzes Today


Score Distribution

Your Account Isn't Verified!

In order to create a playlist on Sporcle, you need to verify the email address you used during registration. Go to your Sporcle Settings to finish the process.

Report this User

Report this user for behavior that violates our Community Guidelines.

Details: